Statistics for Languages

Click here to take the quiz!

General Stats

  • This quiz has been taken 31 times
  • The average score is 8 of 15

Answer Stats

SentenceLanguage% Correct
What language is this sentenceEnglish
100%
Qué idioma es esta oraciónSpanish
92%
Che lingua è questa fraseItalian
88%
Welche Sprache ist dieser SatzGerman
85%
W jakim języku jest to zdaniePolish
73%
Hvilket språk er denne setningenNorwegian
65%
Welke taal is deze zinDutch
54%
ma hi allughat hadhih aljumlaarabic
50%
Bu cümle hangi dildirTurkish
50%
Anong wika ang pangungusap na itofilipino
35%
Kono bun wa dono gengodesu kaJapanese
35%
Poia glóssa eínai aftí i prótasigreek
23%
yah vaaky kaun see bhaasha haiHindi
23%
i munjang-eun eotteon eon-eoibnikkakorean
23%
Mis keel on see lauseEstonian
15%

Score Distribution

Percentile by Number Answered

Percent of People with Each Score

Your Score History

You have not taken this quiz